The Night We Met by Lord Huron - Lyrics Quiz - Statistics

General Stats
  • This quiz has been taken 1,358 times
  • The average score is 145 of 173
Answer Stats
Answer % Correct
the
99%
i
98%
me
98%
a
97%
met
97%
night
97%
to
97%
we
97%
back
96%
take
96%
you
93%
of
90%
not
89%
am
88%
and
88%
only
87%
who
87%
all
82%
had
82%
by
81%
none
81%
traveler
81%
some
80%
then
80%
for
78%
most
78%
has
77%
now
77%
do
75%
his
75%
i'm
75%
oh
75%
follow
74%
searching
74%
what
73%
supposed
72%
i've
71%
been
70%
with
70%
debt
69%
repaid
69%
again
68%
ghost
66%
know
66%
when
66%
can
65%
don't
65%
hell
65%
was
64%
trail
63%
myself
61%
tell
61%
haunted
60%
full
59%
tears
57%
your
57%
eyes
56%
were
55%
along
53%
filled
53%
ride
52%
touched
49%
yet
49%
terrors
32%
No matching quizzes found
Score Distribution
Percent of People with Each Score
Percentile by Number Answered
Your Score History
You have not taken this quiz